FLOW, avagy játékos kommunikáció a múzeumokban az élménycentrikus /

Elmentve itt :
Bibliográfiai részletek
Szerző: Dominek Dalma Lilla
Dokumentumtípus: Könyv
Megjelent: Belvedere Meridionale Szeged 2020
Kulcsszavak:Múzeumpedagógia
Tárgyszavak:
Online Access:http://acta.bibl.u-szeged.hu/68543
LEADER 00766nam a2200205 i 4500
001 acta68543
005 20240530121913.0
008 200330s2020 hu o 000 hun d
020 |a 978-615-6060-19-8 
040 |a SZTE Egyetemi Kiadványok Repozitórium  |b hun 
041 |a hun 
100 1 |a Dominek Dalma Lilla 
245 1 0 |a FLOW, avagy játékos kommunikáció a múzeumokban   |h [elektronikus dokumentum] :  |b az élménycentrikus /  |c  Dominek Dalma Lilla 
260 |a Belvedere Meridionale  |b Szeged  |c 2020 
300 |a 128 
561 |a Belvedere Meridionale kötetek 
650 4 |a Társadalomtudományok 
650 4 |a Oktatástudomány 
695 |a Múzeumpedagógia 
856 4 0 |u http://acta.bibl.u-szeged.hu/68543/1/2020_belvedere_jatekos_kommunikacio.pdf  |z Dokumentum-elérés